000 01753cam a22004814i 4500
003 PE-LiUPU
005 20250731173326.0
008 150625s r 000 0 d
020 _a0825427460
035 _a(Sirsi) i9780825427466
040 _aPE-LiUPU
_bspa
_cPE-LiUPU
_erda
049 _aPRUA
082 0 4 _a232.92
_bG83
_221
100 1 _aGromacki, Robert,
_eautor.
245 1 4 _aThe virgin birth :
_ba biblical study of the deity of Jesus Crhrist /
_cRobert Gromacki.
250 _a2a
264 1 _aGrand Rapids, MI :
_bKregel,
_c2002.
300 _a240 páginas ;
_c22 centímetros
336 _atext
_2rdacontent
337 _aunmediated
_2rdamedia
338 _avolume
_2rdacarrier
500 _aRevisada y actualizada.
504 _aIncluye bibliografía.
505 0 _aThe basis of the virgin birth. -The person of the virgin birth. -The nature of the virgin birth. -The results of the virgin birth. -The purposes of the virgin birth. -The denials of the virgin birth.
526 _aSEG42
526 _aSEG41
526 _aSEG40
526 _aSEG39
526 _aP94
526 _aP87
526 _aP86
526 _aP85
526 _aP77
526 _aP76
526 _aP35
541 _g103-8190058-5681041;
650 0 4 _aNacimiento virginal.
942 _2ddc
_cBOOK
949 _a232.92 G83
_wDEWEY
_c1
_i58655
_lCCODEBUL1
_mBUL
_p16.00
_r0
_sY
_tBOOK
_u2015-6-25
_xTEOLOGIA
_zUNKNOWN
_0COMPRA
_o.STAFF. Colección General
994 _aC0
_bPEPRU
596 _a1
999 _a232.92 G83
_wDEWEY
_c47534
_i58655
_f2021-11-10
_g5
_lCCODEBUL1
_mBUL
_p16.00
_r0
_sY
_tBOOK
_u2015-6-25
_xTEOLOGIA
_zUNKNOWN
_0COMPRA
_o.STAFF. Colección General
_d47534
980 _81
_gALBERTO SANCHEZ Responsable de Automatización